Las polt̕icas de la Unin̤ Europea en el siglo XXI

Bibliographic Details
Main Author: Ortega Gm̤ez, Marta
Format: eBook
Language:Spanish
Published: Barcelona: J.M. Bosch Editor, 2017
Subjects:
Online Access:Acceso restringido

MARC

LEADER 00000nam a22000007a 4500
005 20190410131912.0
007 cr|||| ||||
008 190410s2017 es |||||s|||| 00||0 spa d
020 |a 978-84-946077-9-0 
035 |a 23179 
040 |a vLex 
090 |c 8583  |d 8583 
100 1 |a Ortega Gm̤ez, Marta 
245 1 3 |a Las polt̕icas de la Unin̤ Europea en el siglo XXI  |h [Recurso electrn̤ico] /  |c Marta Ortega Gm̤ez 
256 |a Servicio en ln̕ea 
260 |a Barcelona:  |b J.M. Bosch Editor,  |c 2017 
300 |a 1 recurso electrn̤ico 
506 1 |a Disponible solo en los productos indicados  |d vLex Global  |d vLex Global (Academic Edition, excluding Law Schools)  |d vLex Global (U.S. Academic Edition, Law Schools)  |d vLex Global (U.S. Academic Edition, excluding Law Schools)  |d vLex Global (Academic Edition, Law Schools) 
650 0 4 |a Derecho Comunitario  |z Espaą 
740 0 |a vLex Libros (Servicio en ln̕ea) 
856 4 0 |u http://vlex.com/source/politicas-union-europea-siglo-xxi-23179  |z Acceso restringido 
942 |c BOOK 
999 0 |a Community Law